História do direito portugues: fontes de direito

Saved in:
Bibliographic Details
Main Author: Espinosa Gomes Da Silva, Nuno J (Author)
Format: Book
Language:Portuguese
Published: Lisboa Fundacao Calouste Gulbenkian 2000
Edition:3a. ed
Subjects:
Tags: Add Tag
No Tags, Be the first to tag this record!

MARC

LEADER 00000nam a2200000 a 4500
001 UCN2329
003 CL-VaPUC
008 010518e20000000PO |||||||||||||||||por|d
082 0 4 |a 340.0946  |b ESP  |2 21 
100 0 |a Espinosa Gomes Da Silva, Nuno J  |e author  |9 458092 
245 1 0 |a História do direito portugues: fontes de direito 
250 |a 3a. ed 
300 |a 593 p 
942 |c BK 
945 |d 20010518 00:00:00  |a vberengu 
260 |a Lisboa  |b Fundacao Calouste Gulbenkian  |c 2000 
650 7 |a DERECHO  |2 CL-VaPUC  |9 458093 
650 0 |a Historia y crítica   |9 257407 
651 7 |a PORTUGAL  |2 CL-VaPUC  |9 255007 
583 |a last modification  |c 20010518 00:00:00  |k Rodrigo Vera 
999 |c 295437  |d 295435 
952 |0 0  |1 0  |4 0  |6 340_094600000000000_ESP_2000  |7 0  |8 DER_HIS  |9 348465  |a BIBDER  |b BIBDER  |d 2019-11-20  |i 3728382  |o 340.0946 ESP 2000  |p 3728382  |r 2023-01-25  |w 2019-11-20  |x Ubicación 4to Piso  |y BK  |z Estos recursos deben solicitarse con anticipación  |k DER